000 00920nam a2200265 i 4500
003 EG-GICUC
005 20260414090857.0
008 260414s2013 |||fr|||| 00| 0 fre d
040 _aEG-GiCUC
_bfre
_cEG-GiCUC
_dEG-GiCUC
_eRda
082 0 4 _221
_a343.372122
_bCO
092 0 4 _221
099 _aLaw1 10 343.372122 CO 2013
245 0 0 _aLes conflits des lois répressives dans l'espace.
_nSeconde Partie.
264 1 _a[Lieu De Publication Non Précisé] :
_b[Éditeur Non Spécifié],
_c2013.
300 _a250 - 364 page ;
_c 24 cm.
336 _2rda contenu
_a texte
337 _2rda medias
_aOrdinateur
338 _2 transporteur rda
_a Ressource en ligne
650 1 _aLa Justice Pénale en Tant Que Système De Justice Naturelle
_2qrmak
650 1 _aDroit De Pénal
_2qrmak
651 1 _2qrmak
856 4 0 _uhttps://fll.law.cu.edu.eg/fulltext/bks/B10-09310.pdf
905 _a54
942 _2ddc
_cBK
_e21
_n0
999 _c70731
_d70731